000 00786nam a22002177a 4500
999 _c19241
_d19241
003 AR-CdUCM
008 190517b ||||| |||| 00| 0 spa d
040 _aMUNICIPALIDAD PROVINCIAL DEL CUSCO
_cBIBLIOTECA MUNICIPAL DEL CUSCO
082 _a629.143 /
_bS91
100 _aSullivan, Walter
_940464
245 _aAsalto a lo desconocido /
260 _aMéxico :
_bLimusa-Wiley,
_c1963.
300 _a526 páginas ;
_c23 cm.
505 _aContenido: Impacto -- Experimentos realizados en favor de la armonía -- Planes globales -- La crisis China ...
650 _aViajes ínterespaciales
_923083
650 _aAstronautica
_925413
650 _aSatélites artificiales
_940465
700 _aDíaz Cortés, Luis (traductor)
_940466
942 _2ddc
_cLIBROS
945 _aacv
_d2019-05-17